Crystal growth and it's characterization / (Record no. 40510)

MARC details
000 -LEADER
fixed length control field 00767nam a22002297a 4500
005 - DATE AND TIME OF LATEST TRANSACTION
control field 20100810105334.0
010 ## - LCCN (DPL NO)
LC control number ENG-99162
020 ## - INTERNATIONAL STANDARD BOOK NUMBER
Terms of availability 70.00
035 ## - SYSTEM CONTROL NUMBER
System control number EN-82694
037 ## - SOURCE OF ACQUISITION
Source of stock number/acquisition DBAD/PUB
082 ## - DEWEY DECIMAL CLASSIFICATION NUMBER
Classification number 548.5
100 ## - MAIN ENTRY--PERSONAL NAME
Personal name Ramalingam, A.
245 ## - TITLE STATEMENT
Title Crystal growth and it's characterization /
Statement of responsibility, etc by A.Ramalingam
260 ## - PUBLICATION, DISTRIBUTION, ETC. (IMPRINT)
Place of publication, distribution, etc Peramballur
Name of publisher, distributor, etc Mercury Printers & Publishers
Date of publication, distribution, etc 2007
270 ## - ADDRESS
City Peramballur
Postal code 621212
300 ## - PHYSICAL DESCRIPTION
Extent 73p.:
Dimensions 20cm (pbk)
Other physical details ill.
500 ## - GENERAL NOTE
General note includes bibliographical references
650 ## - SUBJECT ADDED ENTRY--TOPICAL TERM
Topical term or geographic name as entry element Crystal Growth
700 ## - ADDED ENTRY--PERSONAL NAME
9 (RLIN) 9730
942 ## - ADDED ENTRY ELEMENTS (KOHA)
Source of classification or shelving scheme Dewey Decimal Classification
Item type English Books
Classification part 548.5
Call number suffix RAM
Holdings
Withdrawn status Lost status Not for loan Collection code Home library Current library Date acquired Source of acquisition Cost, normal purchase price Full call number Barcode Copy number Cost, replacement price Koha item type
    Not For Loan Non-fiction D.B.Act.Division D.B.Act.Division 10/08/2010 DBAD/PUB 70.00 548.5 RAM EN-82694 1 70.00 English Books

© Delhi Public Library
Hit Counter
free hit counter